Okružné úlohy a ich vybraná aplikácia v praxi bakalárska práca

Enregistré dans:
Détails bibliographiques
Auteur principal: Matiašovic, Róbert
Collectivité auteur: Fakulta hospodárskej informatiky EU. Katedra operačného výskumu a ekonometrie
Autres auteurs: Mieresová, Lucia
Format: Livre
Langue:slovaque
Publié: Bratislava 2015
Tags: Ajouter un tag
Pas de tags, Soyez le premier à ajouter un tag!

MARC

LEADER 00000nbm a2200000 4500
001 0206576
005 20161212114939.3
041 0 |a slo 
044 |a SK 
245 1 0 |a Okružné úlohy a ich vybraná aplikácia v praxi  |b bakalárska práca  |c Róbert Matiašovic ; školiteľ: Lucia Mieresová 
264 1 |a Bratislava  |c 2015 
300 |a 35 s. 
100 1 |a Matiašovic, Róbert 
700 1 |a Mieresová, Lucia 
710 2 |a Fakulta hospodárskej informatiky EU. Katedra operačného výskumu a ekonometrie